000 00317nam a22001337a 4500
001 2499
008 130523b xxu||||| |||| 00| 0 eng d
020 _a9788175963450
082 _a631.584
100 _aVeeresh
_zVEE
245 _aOrganic Farming
_cG.K.Veeresh
260 _aAhmedabad
_bFoundation
_c2006
942 _cBOOKS
999 _c3035
_d3035